| 000 | 00440nam a2200157 i 4500 | ||
|---|---|---|---|
| 001 | 69476 | ||
| 003 | ES-MaACL | ||
| 005 | 20230906170529.0 | ||
| 007 | t| | ||
| 008 | 040706s1952 sp ||||1| spa d | ||
| 100 | 1 |
_aGarcía Copado, Antonio. _954380 |
|
| 245 | 1 | 3 |
_aLa roca cautiva _b: poemas / _cAntonio García Copado. |
| 260 |
_aMadrid : _b[s.n., _c1952] ( _fArges) |
||
| 300 |
_a66 p. ; _c17 cm. |
||
| 852 |
_aES-MaACL _j1967-F-6 _bR.34618 |
||
| 999 |
_c69476 _d69476 |
||